Grundwissen Politik: Bundesverteidigungsminister - Sudden Death - Statistiken

Allgemein
  • Dieses Quiz wurde 409 mal gespielt
  • Das Durchschnittsergebnis liegt bei 7 aus 20
Answers on the Grid
Answers color-coded by a green-red scale on the quiz's grid according to % correct below.
Peter Struck
Kai-Uwe von Hassel
Rupert Scholz
Olaf Scholz
Gerhard Stoltenberg
Franz-Josef Jung
Karl Theodor zu Guttenberg
Frank-Walter Steinmeier
Guido Westerwelle
Franz Josef Strauß
Boris Pistorius
Annalena Baerbock
Klaus Kinkel
Annegret Kramp-Karrenbauer
Marie-Agnes Strack-Zimmermann
Heiko Maas
Hans Dietrich Genscher
Helmut Schmidt
Willy Brandt
Walter Scheel
Christine Lamprecht
Konrad Adenauer
Manfred Wörner
Gerhard Schröder
Rudolf Scharping
Angela Merkel
Sigmar Gabriel
Thomas de Maiziére
Volker Rühe
Theodor Blank
Ursula von der Leyen
Hans Apel
Erwin Rommel
Edmund Stoiber
Kurt Krömer
Georg Leber
Roland Koch
Friedrich Zimmermann
Peer Steinbrück
 
Antwortstatistiken
Antwort % Korrekt
amtierend Boris Pistorius
77%
2013 - 2019 Ursula von der Leyen
74%
2019 - 2021 Annegret Kramp-Karrenbauer
64%
2009 - 2011 Karl Theodor zu Guttenberg
59%
2021 - 2023 Christine Lamprecht
56%
1956 - 1963 Franz Josef Strauß
43%
2011 - 2013 Thomas de Maiziére
40%
2002 - 2005 Peter Struck
35%
2005 - 2009 Franz-Josef Jung
34%
1998 - 2002 Rudolf Scharping
31%
1989 - 1992 Gerhard Stoltenberg
30%
1992 - 1998 Volker Rühe
29%
1982 - 1988 Manfred Wörner
27%
1969 - 1972 Helmut Schmidt
24%
1978 - 1982 Hans Apel
22%
1972 - 1978 Georg Leber
19%
1955 - 1956 Theodor Blank
17%
1966 - 1969 (Gerhard Schröder CDU) Gerhard Schröder
16%
1963 - 1966 Kai-Uwe von Hassel
15%
1988 - 1989 Rupert Scholz
15%
Keine übereinstimmenden Quizze gefunden
Verteilung der Resultate
Anzahl Personen mit jedem Resultat
Perzentil nach korrekt beantworteten Fragen
Ihre Resultats-Entwicklung
Sie haben dieses Quiz noch nicht gespielt